00444 a2200121 4500001001000000005001700010008004100027245014000068100002300208700002900231773004500260999001700305ART_5181920260410162044.0260409a 10aUna importante sentencia que admite la aplicación del ajuste por inflación en el impuesto a las ganancias del período fiscal 20181 aTorassa, Marcos R.1 aVidal Quera, Gastón F.0 tImpuestosg- N°88 (nov. 2020)wREV45175 c35194d35194